01759nam a2200445 i 450000100060000000300080000600500170001400600190003100700150005000800410006502000180010603500230012403500240014703500250017103500210019604000310021705000230024808000210027108200190029224501350031126400600044630000410050633600310054733700330057833800430061150400290065458801290068359001640081265000440097665000570102065000320107765000270110965100110113665100120114765500270115970000290118679700190121585600620123499900170129632252FlNmELB20241216220727.0m o d | cr cnu||||||||150812s2007 mx ob 000 0 spa d z9789702712268 a(MiAaPQ)EBC3430319 a(Au-PeEL)EBL3430319 a(CaPaEBR)ebr11087548 a(OCoLC)949145533 aFINmELBbspaerdacFINmELB 4aPQ7197bV8314 2007 a821.134.2(72)-310 a863.00997222300aVisiones paralelas en dos mundos distantes :bla narrativa breve de México y Corea en el siglo XX /cKim Hyum-Chang [y otros 4]. 1aGuadalajara, Jal. :bUniversidad de Guadalajara,c2007. a1 recurso en línea (106 páginas) atextobtxt2rdacontent/spa acomputadorabc2rdamedia/spa arecurso en líneabcr2rdacarrier/spa aContiene bibliografía. aDescripción basada en recurso en línea; Título de la página del título en PDF (e-libro, visto September 12, 2015). aRecurso electrónico. Santa Fe, Arg.: e-libro, 2015. Disponible vía World Wide Web. El acceso puede estar limitado para las bibliotecas afiliadas a e-libro. 0aMexican fictionxHistory and criticism. 0aKorean fictionxHistory and criticismy20th century. 4aLiteratura latinoamericana. 4aLiteratura asiática. 4aCorea. 4aMexico. 4aLibros electrónicos.1 aKim, Hyum-Chang,eautor.2 ae-libro, Corp.40uhttps://elibro.net/ereader/politecnicointernacional/74302 c32252d32252